000 01202cam a22003137i 4500
999 _c19373
_d19373
001 19238839
005 20250820062518.0
008 160820t20162016cauab b 001 0 eng d
010 _a 2016449681
020 _a9781544328713
035 _a(OCoLC)ocn894301747
040 _aYDXCP
_beng
_cYDXCP
_erda
_dBTCTA
_dBDX
_dOCLCQ
_dWSL
_dOCLCO
_dOCLCF
_dOCLCO
_dNGU
_dOCLCO
_dNGU
_dCDX
_dCOO
_dDLC
042 _alccopycat
050 0 0 _aHM1211
_b.S65 2016
082 0 4 _aDC 303.482
_bSo69 2022
100 1 _aSorrells, Kathryn,
_eauthor.
_953408
245 1 0 _aIntercultural communication :
_bglobalization and social justice /
_cKathryn Sorrells, California State University, Northridge.
250 _aThird edition.
260 _aCalifornia:
_bSAGE Publications Inc.,
_c©2022.
300 _axxi, 359 pages :
_billustrations ;
_c24 cm.
504 _aIncludes bibliographical references and index.
650 0 _aIntercultural communication.
_953409
650 0 _aGlobalization
_xSocial aspects.
_953410
650 0 _aSocial justice.
_98577
365 _b6,950.00
_cPhp
906 _a7
_bcbc
_ccopycat
_d2
_encip
_f20
_gy-gencatlg
942 _2ddc
_cDC